| 000 | 00754nam a2200241Ia 4500 | ||
|---|---|---|---|
| 999 |
_c49816 _d49816 |
||
| 001 | 16751 | ||
| 003 | GE_BSU | ||
| 005 | 20230421115729.0 | ||
| 008 | 181216s2013||||en |||||||||||||| ||eng|| | ||
| 020 | _a9780890425541x | ||
| 040 | _cGE_BSU | ||
| 041 | _aeng | ||
| 080 | _a159.96+616.89 D-53 | ||
| 245 |
_aDiagnostic and Statistical Manual of Mental Disorders : _bDSM-5 TM. |
||
| 250 | _a5th Edition | ||
| 264 |
_aLondon,England : _bPsychiatric, _c2013. |
||
| 300 |
_a947 p .; _c25 cm. _e+ DSM-5 Repositionable Page Markers |
||
| 440 |
_aAmerican Psychiatric Association _96664 |
||
| 653 | _aმედიცინა | ||
| 653 | _aფსიქიკური აშლილობა | ||
| 653 | _aფსიქოლოგია | ||
| 942 |
_cBK _2udc |
||